Responses for Show #3433 - Wednesday, July 7, 1999

Contestants

[<< previous game]

Shelby Hammer, a technical writer originally from New Orleans, Louisiana

Paul Risner, a lawyer from Sarasota, Florida

Corey Leahy, a business student from Houston, Texas (whose 2-day cash winnings total $22,101)

[next game >>]

Jeopardy! Round responses

C IN HISTORY
[NOTE: "C" was not in quotation marks.]
MUSICAL NICKNAMES
FRENCH CUISINE
2-WORD PSYCH TERMS
VINTAGE CARS
GOING "NATIONAL"
    $100 1
Colorado

Corey
    $100 6
"Bing"

Shelby
    $100 7
Crepes

Corey
    $100 21
Paranoid schizophrenia

Paul
    $100 15
Detroit

Corey
    $100 16
National League

Shelby
    $200 2
(Corey: Who is... uh...)

Winston Churchill

Corey
Triple Stumper
    $200 8
"Doc"

Paul
    $200 10
(Paul: What are snails?)

crayfish

Paul
Triple Stumper
    $200 27
Shell shocked

Shelby
    $200 23
Chevrolet

Paul
    $200 18
National Guard

Shelby
    $300 3
Calvin

Paul
    $300 9
"Count"

Shelby
    $300 11
Roquefort

Paul
    $300 28
Freudian slip

Shelby
    $300 24
(Shelby: Who is Carroll Shelby?)

John DeLorean

Shelby
Triple Stumper
    $300 19
National Public Radio

Corey
    $400 4
Chicago

Shelby
    $400 13
"Jelly Roll"

Paul
    $400 12
Vichyssoise

Corey
    $400 29
Separation anxiety

Paul
    $400 25
(Alex: About a minute to go.)

Motor Parts

Triple Stumper
    $400 20
[Point Reyes was shown.]
(Corey: What is a national park?)

a national seashore

Corey
Triple Stumper
    $500 5
Chartres

Paul
    $500 14
"Babyface"

Triple Stumper
    $500 17
Cherries

Shelby
    $500 30
Defense mechanisms

Shelby
    $500 26
Roadrunner

Paul
    $600 22
(Alex: And don't ask me about the topic!)

National Press Club

Paul

Scores at the first commercial break (after clue 15):

Corey Paul Shelby
$500 $1,500 $800

Scores at the end of the Jeopardy! Round:

Corey Paul Shelby
$400 $3,300 $2,300

Double Jeopardy! Round responses

WORLD RELIGION
LITERARY CROSSWORD CLUES "M"
COASTING ALONG
GOVERNMENT & POLITICS
SHAKESPEAREAN COMEDIES
TINSELTOWN TRAGEDIES
    $200 4
Shinto

Shelby
    $200 1
Merlin

Corey
    $200 13
Barbary Coast

Paul
    $200 7
Teapot Dome

Paul
    $200 6
Geoffrey Chaucer

Shelby
    $200 23
the Hollywood Sign

Paul
    $400 5
India

Triple Stumper
    $400 2
Mowgli

Corey
    $400 14
(Corey: What is Hawaii?)

Alaska

CoreyPaul
    $400 8
James Monroe

Shelby
    $400 9
Prospero

Shelby
    $400 24
Bugsy Siegel

Paul
    $600 10
Yin & Yang

Corey
    $600 3
(Paul: Who is Mellie?)

Melanie

PaulShelby
    $600 15
Pacific Coast Highway

Paul
    $600 18
435

Paul
    $600 28
All's Well That Ends Well

Shelby
    $600 25
James Dean

Corey
    $800 11
Jesuits

Paul
    $800 21
Mysterious

Triple Stumper
    $800 16
The Mosquito Coast

Paul
    $800 19
Carol Moseley Braun

Corey
    $1,000 29
The Comedy of Errors

Shelby
    $800 26
(Paul: Who is Jayne Mansfield?)

Lana Turner

Paul
Triple Stumper
    $700 12
Lord of the Dance

Paul
    $1000 22
Mansfield

Triple Stumper
    $1000 17
Gold Coast

Triple Stumper
    $1000 20
(Shelby: What is the Populist Party?)

the Greenback Party

CoreyShelby
    $1000 30
The Merry Wives of Windsor

Triple Stumper
    $1000 27
"The Black Dahlia"

Triple Stumper

Scores at the end of the Double Jeopardy! Round:

Corey Paul Shelby
$3,600 $6,800 $4,700

[wagering suggestions for these scores]

Final Jeopardy! Round responses

SPORTS SUPERSTARS
CoreyWho is Pete Sampras?
$3,600
ShelbyWho is [Pete Samp] Pete Sampras?
$2,101
PaulWho is Pete Sampras
$3,000
Pete Sampras

Final scores:

Corey Paul Shelby
$7,200 $9,800 $6,801
2nd place: Trip to Outrigger Hotel, Waikiki Beach, Hawaii New champion: $9,800 3rd place: Olympus Centurion S Zoom Lens Camera

Game dynamics:

Coryat scores:

Corey Paul Shelby
$3,600 $7,000 $4,500
11 R,
3 W
20 R
(including 2 DDs),
3 W
16 R
(including 1 DD),
2 W

Combined Coryat: $15,100

[game clues] [game scores] [suggest correction]

Game tape date: Unknown
The J! Archive is created by fans, for fans. Scraping, republication, monetization, and malicious use prohibited; this site may use cookies and collect identifying information. See terms. The Jeopardy! game show and all elements thereof, including but not limited to copyright and trademark thereto, are the property of Jeopardy Productions, Inc. and are protected under law. This website is not affiliated with, sponsored by, or operated by Jeopardy Productions, Inc. Join the discussion at JBoard.tv.